| 000 | 00603nam a2200217Ia 4500 | ||
|---|---|---|---|
| 005 | 20250923145105.0 | ||
| 008 | 008 250917s9999 xx 000 0 eng d | ||
| 037 | _aTextual | ||
| 040 |
_aDSWL _beng _cDSWL |
||
| 041 |
_aeng _2eng |
||
| 084 |
_aY12;77.3N6, K6 _qDSWL |
||
| 100 |
_aEppel, E.M. _9831686 |
||
| 245 | 0 |
_aAdolescents and morality _cby E.M. Eppel |
|
| 260 |
_aLondon _bRoutledge & Kegan Paul _c1966 |
||
| 300 | _axx,246 p. | ||
| 365 |
_aINR _b30 |
||
| 700 |
_aM. Eppel _9831687 |
||
| 925 | _g30 | ||
| 942 |
_cTEXL _hY12;77.3N6, K6 |
||
| 999 |
_c1446958 _d1446958 |
||